000 00545nam a22001937a 4500
005 20171219152743.0
010 _aENG-121921
020 _a9788190461627
_c195.00
035 _aEN-105453
037 _bDBAD/PUB
082 _a954
100 _aSingh,Sangram
245 _aIndia encircled /
_cby Sangram Singh
260 _aPanchkula(H.R)
_bSwastik prakashan
_c2012
270 _aS.C.O.43,First floor Swastik Viahr
_b Panchkula(H.R)
300 _a84P.
_c23cm(Hb)
700 _aSingh,Sangram
942 _2ddc
_cEN
_h954
_mSIN
999 _c148079
_d148079